000 nam a22 7a 4500
999 _c30377
_d30377
008 190520b xxu||||| |||| 00| 0 eng d
040 _amksu
050 _aPL 8704
_b.A2 1990
110 _aKenya Women Literature Group.
245 _aThe mother of girls and other stories /
_cKenya Women Literature Group
260 _aNairobi,Kenya :
_bKenya Women Literature Group,
_c1990.
300 _aiv,55p. :
_bill. ;
_c21cm.
650 _aEnglish language.
942 _2lcc
_cAFRICANA
_hPL 8704 .A2 1990